000 00925nam a22002537a 4500
001 47379
003 BD-RjUL
005 20211209054314.0
008 160807s1981 bg ||||| |||| 001 0 ben d
020 _c : TK 75.00
035 _a(BD-RjUL)47498
040 _aBD-RjUL
_bben
_cBD-RjUL
041 _aben
082 _223
_a346.075492
_bALB 1981
100 1 _aআলী, এম. এইচ.
_9136762
245 1 0 _aবাণিজ্যিক ও শিল্প আইন = [Commercial and Industial Law] /
_cএম. এইচ. আলী
250 _a৬ষ্ঠ সং.
260 _aঢাকা :
_bপুথিঘর,
_c১৯৮১
300 _a[১৬], ৫০০ পৃ. ;
_c২০ সেমি.
505 _aসংযুক্ত পরিশিষ্ট
650 _aবাণিজ্যিক আইন
_zবাংলাদেশ
_9143814
650 _aCommercial law
_zBangladesh
_9143815
942 _2ddc
_cBK
999 _c47379
_d47379